Storia della Repubblica italiana

Uloženo v:
Podrobná bibliografie
Hlavní autor: Bocca, Giorgio
Médium: Kniha
Jazyk:angličtina
Vydáno: Milano Rizzoli 1981
Tagy: Přidat tag
Žádné tagy, Buďte první, kdo vytvoří štítek k tomuto záznamu!

MARC

LEADER 00000nam a2200000 4500
005 20241106183421.0
008 241106b |||||||| |||| 00| 0 eng d
040 |c GP 
100 |a Bocca, Giorgio 
245 |a Storia della Repubblica italiana 
260 |a Milano  |b Rizzoli  |c 1981 
942 |2 ddc  |n 0  |c BK 
952 |0 0  |1 0  |2 ddc  |4 0  |6 945_000000000000000_BOC  |7 1  |9 2170  |a RM  |b RM  |d 2024-11-06  |l 0  |o 945 BOC  |p 306  |r 2024-11-06 18:34:55  |w 2024-11-06  |y BK 
999 |c 1909  |d 1909